| 000 | 00692nam a2200229 u 4500 | ||
|---|---|---|---|
| 005 | 20240228064110.0 | ||
| 008 | 121112s2005 ea r 000 0 spa d | ||
| 020 | _a1403465916 | ||
| 020 | _a9781403465917 | ||
| 035 | _aUPN01000188443 | ||
| 049 | _aI | ||
| 050 | 4 |
_aQH541.5 F6 _bH8.6 |
|
| 100 | 1 |
_aHughes, Monica, _d1944- _933058 |
|
| 245 | 1 | 1 |
_a¿Qué es un bosque? / _cMónica Hughes. |
| 260 |
_aChicago, E.U.A. : _bHeinemann, _c2005. |
||
| 300 |
_a24 p. : _bprincipalmente il. col. |
||
| 440 | 0 |
_aLee y aprende. _pEl mundo que nos rodea |
|
| 650 | 2 |
_aBosques _vLiteratura infantil _917158 |
|
| 650 | 4 |
_aLibros y lectura para niños _92290 |
|
| 905 | _aInfantil | ||
| 999 |
_c160546 _d160546 |
||